| Tag |
First Indicator |
Second Indicator |
Subfields |
| LEADER |
00000cam a2200000Ia 4500 |
| 001 |
in00002546921 |
| 005 |
20260406161114.2 |
| 006 |
m d |
| 007 |
cr cnu---unuuu |
| 008 |
091023s2009 ne a sb 001 0 eng d |
| 020 |
|
|
|a 9048125103 (electronic bk.)
|
| 020 |
|
|
|a 9789048125104 (electronic bk.)
|
| 035 |
|
|
|a (OCoLC)458575390
|
| 035 |
|
|
|a (OCoLC)ocn458575390
|
| 035 |
|
|
|a 3649374
|
| 040 |
|
|
|a GW5XE
|b eng
|c GW5XE
|d N$T
|d UtOrBLW
|
| 049 |
|
|
|a TXAC
|
| 050 |
|
4 |
|a LC1090
|b .G563 2009eb
|
| 082 |
0 |
4 |
|a 370.11/5
|2 22
|
| 245 |
0 |
0 |
|a Global values education :
|b teaching democracy and peace /
|c Joseph Zajda, Holger Daun, editors.
|
| 264 |
|
1 |
|a Dordrecht ;
|a New York :
|b Springer,
|c [2009]
|
| 264 |
|
4 |
|c ©2009
|
| 300 |
|
|
|a 1 online resource (xxiii, 162 pages) :
|b illustrations
|
| 336 |
|
|
|a text
|b txt
|2 rdacontent
|
| 337 |
|
|
|a computer
|b c
|2 rdamedia
|
| 338 |
|
|
|a online resource
|b cr
|2 rdacarrier
|
| 490 |
1 |
|
|a Globalisation, comparative education and policy research ;
|v 7
|
| 500 |
|
|
|a Description based on print version record.
|
| 500 |
|
|
|a Electronic resource.
|
| 504 |
|
|
|a Includes bibliographical references and index.
|
| 650 |
|
0 |
|a Education
|x Philosophy.
|0 http://id.loc.gov/authorities/subjects/sh85041014
|
| 650 |
|
0 |
|a International education.
|0 http://id.loc.gov/authorities/subjects/sh85067399
|
| 655 |
|
7 |
|a Electronic books.
|2 local
|
| 700 |
1 |
|
|a Daun, Holger.
|0 http://id.loc.gov/authorities/names/n85101566
|
| 700 |
1 |
|
|a Zajda, Joseph I.
|0 http://id.loc.gov/authorities/names/n80073076
|
| 776 |
0 |
8 |
|i Print version:
|c Original
|z 9789048125098
|z 904812509X
|z 9789048125104
|z 9048125103
|w (OCoLC)437993206
|
| 830 |
|
0 |
|a Globalisation, comparative education and policy research ;
|v 7.
|0 http://id.loc.gov/authorities/names/no2008078188
|
| 856 |
4 |
0 |
|u http://proxy.library.tamu.edu/login?url=https://dx.doi.org/10.1007/978-90-481-2510-4
|z Connect to the full text of this electronic book
|t 0
|
| 994 |
|
|
|a 92
|b TXA
|
| 999 |
|
|
|a MARS
|
| 999 |
f |
f |
|s 54df3eb3-6b6d-31a8-8f99-960a9e1166ed
|i 30fe0ba0-b3bd-353a-a4da-4700eb65177c
|t 0
|
| 952 |
f |
f |
|a Texas A&M University
|b College Station
|c Electronic Resources
|s www_evans
|d Available Online
|t 0
|e LC1090 .G563 2009eb
|h Library of Congress classification
|
| 998 |
f |
f |
|a LC1090 .G563 2009eb
|t 0
|l Available Online
|